000 00847nam a2200253Ia 4500
001 18099
003 GE_BSU
008 181216s||||||||xx |||||||||||||| ||und||
020 _a9789994025046
040 _cGE_BSU
080 _a811.112.2-84
100 _aფარცვანია,რეზო
245 _aგერმანული ენის გრამატიკა სავარჯიშოებით
245 _bDeutsche Grammatik in Ubungen
245 _cred. mag. Volker Ludke
260 _aფოთი
260 _c2007
300 _a396გვ.30სმ.
541 _h20ლ.
653 _aDeutsche Grammatik in Ubungen
653 _aგერმანული ენა
653 _aგერმანული ენის გრამატიკა სავარჯიშოებით
942 _cBK
999 _c51142
_d51142